• 首页
  • 本馆介绍
  • 公告通知
  • 最新文献
  • 馆藏检索
  • 电子资源
  • 读者导购
  • 参考咨询
  • 我的图书馆
  • 登录
  • 详细信息显示
  • 放入我的书架
  • 预约/预借图书
  • 作者相关作品
  • 分类相关作品
  • 丛书相关作品
  • 出版社相关作品

书目信息

  • 表格格式
  • 工作单格式
  • 卡片格式
题名:
草虫
    
 
作者: 曹国〓 著
分册:  
出版信息: 北京   人民美术出版社  2002.07
页数: 48页
开本: 26cm
丛书名:
单 册:
中图分类: J212.28
科图分类:
主题词: 写意画--花鸟画--技法(美术) , 写意画 , 花鸟画 , 技法(美术)
电子资源:
ISBN: 7-102-02569-6
000 00796nam2 2200289 450
001 073000002494
005 20040411145811.0
010    @a7-102-02569-6@dCNY12.00
100    @a20040411d2002 em y0chiy0110 ea
101 0  @achi
102    @aCN@b110000
105    @aa z 000yy
200 1  @a草虫@Acao chong@f曹国〓著
210    @a北京@c人民美术出版社@d2002.07
215    @a48页@d26cm
300 2  @a写意花鸟画技法 第十册
393    @a〓=[金监(繁)](jian)
606 0  @a写意画@x花鸟画@x技法(美术)
606 0  @a写意画
606 0  @a花鸟画
606 0  @a技法(美术)
690    @aJ212.28@v4
701  0 @a曹国〓@Acao guo 〓@4著
801  2 @aCN@bHX@c20040411
905    @aBZT@dJ212.28@e1@f6
906    @dCNY12.00@n0@r1
999    @tC@Awangzhen@a20040411 14:58:08@Iwangzhen@i20040411 14:58:11
    
    草虫/曹国〓著.-北京:人民美术出版社,2002.07
    48页;26cm
    写意花鸟画技法 第十册
    
    ISBN 7-102-02569-6:CNY12.00
    
●
相关链接 在五车中查询图书 在当当中查询图书 在豆瓣中查询图书


正题名:草虫     索取号:J212.28/1         预约/预借

序号 登录号 条形码 馆藏地/架位号 状态 备注
1 0440783   201189775   样本书库/样006架B面1层1列/ [索取号:J212.28/1] 在馆    
2 0440784   201189784   中心书库中库/ 中库016架B面4列3层30/ [索取号:J212.28/1] 在馆    
3 0440785   201189793   中心书库中库/ 中库016架B面4列3层40/ [索取号:J212.28/1] 在馆    
4 0440786   201189800   中心书库中库/ 中库016架B面4列3层46/ [索取号:J212.28/1] 在馆    
5 0440787   201189819   中心书库中库/ 中库016架B面6列4层56/ [索取号:J212.28/1] 在馆    
6 0440788   201189828   中心书库中库/ 中库016架B面4列3层24/ [索取号:J212.28/1] 在馆    
山东省滨州职业学院图书馆 欢迎您!
大连网信软件有限公司© 版权所有